The image of woman : a book of postcards : photographic potraids from 1867-1930 /
Guardat en:
| Autor corporatiu: | |
|---|---|
| Format: | Llibre |
| Idioma: | anglès |
| Publicat: |
San Francisco :
Pomegranate artbooks,
c1991
|
| Etiquetes: |
Sense etiquetes, Sigues el primer a etiquetar aquest registre!
|
MARC
| LEADER | 00000nam a22000007i 4500 | ||
|---|---|---|---|
| 001 | IT\ICCU\UBO\3429503 | ||
| 003 | ItRI | ||
| 005 | 20260115231825.0 | ||
| 008 | 080528s1991 xxu|||||| ||||| |||||c | ||
| 020 | |a 0876548109 | ||
| 040 | |b ita |c importazione bologna sebina | ||
| 041 | 7 | |a eng |2 ISO-639-2 | |
| 245 | 0 | 4 | |a The image of woman : |b a book of postcards : photographic potraids from 1867-1930 / |c the Royal Photographic Society. |
| 260 | |a San Francisco : |b Pomegranate artbooks, |c c1991 | ||
| 300 | |a 1 v. : |b ill. ; |c 18x12 cm. | ||
| 710 | 2 | |a <<The >>Royal Photographic Society |0 IT\ICCU\IEIV\014988 |4 aut | |
| 942 | |2 ddc |c BK |n 0 | ||
| 952 | |0 0 |1 0 |4 0 |6 DOC_779_240000000000000_ROY |7 0 |9 13588 |a BO |b BO |d 2026-01-15 |i 3999 |l 0 |o DOC 779.240 ROY |p BO3999 |r 2026-01-15 23:18:25 |w 2026-01-15 |x [Sebina 7] [1 v.] |y BK |z 1 v. | ||
| 999 | |c 11684 |d 11684 | ||